| 000 | 00955ngm a22002777i 4500 | ||
|---|---|---|---|
| 001 | IT\ICCU\UBO\2990261 | ||
| 003 | ItRI | ||
| 005 | 20260502145514.0 | ||
| 008 | 061102s2001 it |||||||||||||||k|||||c | ||
| 028 | 4 | 2 | _aEMK04048P |
| 040 |
_bita _cCentro di documentazione Omologie (CIG Arcigay Milano) |
||
| 041 | 7 |
_aeng _aita _2ISO-639-2 |
|
| 130 | 0 | _aCircuit < film ; 2001 > | |
| 245 | 0 | 0 |
_aCircuit / _cun film di Dirk Shafer. |
| 260 |
_a[Milano] : _bEmik, _c2001 |
||
| 300 |
_a1 videocassetta (VHS) (130 min.) : _bcolor., son |
||
| 500 | _aTit. del contenitore | ||
| 500 | _aRipr. del film del 2001; prod. USA; interpreti: Jonathan Wade-Drahos, Andre Khabbazi | ||
| 500 | _aFilm non adatto ai minori di 18 anni. | ||
| 700 | 1 |
_aShafer, Dirk _0IT\ICCU\UBOV\056175 |
|
| 700 | 1 |
_aWade Drahos, Jonathan _0IT\ICCU\UBOV\056184 |
|
| 700 | 1 |
_aKhabbazi, Andre _0IT\ICCU\UBOV\056185 |
|
| 942 |
_2ddc _cVM _n0 |
||
| 981 | 1 |
_6z01 _ab _bxa2e |
|
| 982 | 1 |
_6z01 _ag |
|
| 999 |
_c28999 _d28999 |
||